000 00562cam a22002053a 4500
001 34215
003 PGUSA
005 20140828083734.0
008 101105s2010||||xxu|||||s|||||000 | eng d
040 _aPGUSA
_beng
042 _adc
100 1 _aHearn, Lafcadio,
_d1850-1904
245 1 0 _aShadowings
_h[electronic resource] /
_cLafcadio Hearn
260 _bProject Gutenberg,
_c2010
506 _aPublic domain in the USA.
516 _aElectronic text
830 0 _aProject Gutenberg
_v34215
856 4 0 _uhttp://www.gutenberg.org/ebooks/34215
942 _cEB
999 _c263470
_d263470